Apuntes sobre contabilidad y estados contables. Registro público en el código civil y comercial de la Nación (Registro nro. 28923)
[ vista simple ]
| 000 -LEADER | |
|---|---|
| fixed length control field | 00480 a2200109 4500 |
| 001 - CONTROL NUMBER | |
| control field | ART_40855 |
| 005 - DATE AND TIME OF LATEST TRANSACTION | |
| control field | 20260410161935.0 |
| 008 - FIXED-LENGTH DATA ELEMENTS--GENERAL INFORMATION | |
| fixed length control field | 260409a |
| 100 1# - MAIN ENTRY--PERSONAL NAME | |
| Personal name | Budzko, Isabel |
| 245 10 - TITLE STATEMENT | |
| Title | Apuntes sobre contabilidad y estados contables. Registro público en el código civil y comercial de la Nación |
| 773 0# - HOST ITEM ENTRY | |
| Title | Boletin del Consejo Profesional de Ciencias Económicas de la Provincia de Santa Fe (camara segunda) |
| Related parts | - Año XXVII, Nº 329 (dic. 2016) |
| Record control number | REV25058 |
No hay ítems disponibles.